| 000 | 010440000a22003370004500 | ||
|---|---|---|---|
| 999 |
_c47257 _d47257 |
||
| 001 | 20912 | ||
| 003 | CO-MdFUSB | ||
| 005 | 20180727120505.0 | ||
| 008 | 160404b xxu||||| |||| 00| 0 eng d | ||
| 020 | _a978-0-674-99417-1 | ||
| 040 |
_aCO-MdFUSB _cCO-MdFUSB _dCO-MdFUSB _erda _bspa |
||
| 041 | _aspa | ||
| 082 |
_a888 _b737l _2scdd. 23 ed, |
||
| 100 | 0 | _aFilón, | |
| 245 | 1 | 0 |
_aPhilo _c/ Filón ; traducido por F. H. Colson _nX |
| 264 | 1 |
_aInglaterra _b: Harvard University Press, _c1962 |
|
| 300 |
_aXXXVIII ; 519 pág. _c; |
||
| 336 | _2rdacontent | ||
| 337 | _2rdamedia | ||
| 338 | _2rdacarrier | ||
| 347 | _2rda | ||
| 490 | _aLoeb Classical Library | ||
| 501 | _aHardcover | ||
| 505 | 0 | _aIntroducción a la embajada a Gayo -- Introducción a los índices -- En la embajada a Gayo (la primera parte del tratado sobre las virtudes | |
| 653 | _aFilón de Alejandría | ||
| 653 | _aJudaísmo Helénico | ||
| 720 |
_aColson, F.H. _eTraductor |
||
| 942 | _cREF | ||